000 nam a22 7a 4500
999 _c7162
_d7162
008 170725b xxu||||| |||| 00| 0 eng d
100 _93738
_aBangia
245 _aLearning Tally 9.0
260 _aNew Delhi
_bKhanna publication
_c2013